000 00794cab a22002055a 4500
001 L156537
008 120606e2012 xxk 000 0 eng d
035 _a(Sirsi) u156537
041 0 _aeng
100 1 _aVarcoe, Barry
245 0 0 _aJust Williams: history of FM
_h[electronic resource]
260 _c2012
490 0 _aFM World Online
_v17 May 2012
520 _aBernard Williams' seminal texts helped define the nascent UK facilities management sector in the 1970s. He discusses his career in an interview with FM consultant Barry Varcoe.
590 _aKA
651 4 _aUnited Kingdom
690 _aFacilities management
_96240
856 4 0 _uhttps://www.fm-world.co.uk/features/interviews/just-williams-history-of-fm/?locale=en
_zView the article at www.fm-world.co.uk
942 _n0
999 _c84063
_d84063